El último merovingio /

Uloženo v:
Podrobná bibliografie
Hlavní autor: Hougan, Jim (autor)
Další autoři: Coca, Sofía (traducción) (traducción), Vázquez Parga, Roger (traducción) (traducción)
Médium: Kniha
Jazyk:španělština
Vydáno: Barcelona, España : Booket, 2005, c2005
Edice:(Booket ; 1121)
Témata:
Tagy: Přidat tag
Žádné tagy, Buďte první, kdo vytvoří štítek k tomuto záznamu!

MARC

LEADER 00000nam^a2200000^a^4500
001 000370687
005 20250521000000.0
009 20260310115910.52
020 |a 84-08-05775-8 
037 |a Acervo ITESO - Biblioteca 
041 |a ESP 
082 |a 813.  |b HOU 
100 |a Hougan, Jim  |e (autor) 
245 1 3 |a El último merovingio /  |c J. Hougan ; tr. por S. Coca, R. Vázquez Parga. 
264 4 |a Barcelona, España :  |b Booket,  |c 2005, c2005 
300 |a 467 p. 
336 |a texto  |b txt  |2 rdacontenido 
337 |a sin mediación  |b n  |2 rdamedio 
338 |a volumen  |b nc  |2 rdasoporte 
440 1 |a (Booket ;  |v 1121) 
500 |a Traducción de: Kingdom Come 
545 0 |a Jim Hougan (1942), periodista y escritor estadounidense; se ha dedicado al periodismo de investigación y ha escrito varias novelas, algunas de ellas las ha publicado junto con su esposa y bajo el seudónimo de John Case. Se distingue por su osadía al tratar temas complejos y delicados; la trama de sus obras se sumerge ya sea en el misterioso mundo de rituales ancestrales o en el intrincado laberinto de las instituciones gubernamentales y de las agencias de investigación norteamericanas: fue el primero en cuestionar en sus libros el planteamiento oficial de los escándalos de Watergate. Entre sus obras más destacadas se encuentran El síndrome, La sombra de Dios, El maestro del mal, Código génesis y El último merovingio. También es autor de artículos de revista y productor de documentales para 60 Minutos y Discovery Channel. 
649 |a XX 
650 |a Novela Norteamericana 
650 |a Literatura Norteamericana -  |y Siglo XX 
650 |a Psicólogos en la Literatura 
650 |a Templarios en la Literatura 
650 |a Ordenes Religiosas Militares en la Literatura 
650 |a Sectas en la Literatura 
700 |a Coca, Sofía  |e (traducción) 
700 |a Vázquez Parga, Roger  |e (traducción) 
910 |a Fondo General 
920 |a Impresos - Libros 
930 |a Colección General 
940 |a Literatura 
905 |a 101 
901 |a 0500264531  |b IT1  |c LIT  |i D75720  |u 20250521 
902 |a https://opac.biblio.iteso.mx/vufind/Record/000370687